Statistics for Historical Figures by Letter - L

Click here to take the quiz!

General Stats

  • This quiz has been taken 221 times
  • The average score is 13 of 20

Answer Stats

HintFigure% Correct
Started the Protestant ReformationMartin Luther
98%
Leader of the BolsheviksV.I. Lenin
97%
John Wilkes Booth's victimAbraham Lincoln
96%
"Sun King" of FranceLouis XIV
94%
Top confederate general
during the U.S. Civil War
Robert E. Lee
82%
Belgian king who brutally
exploited the Congo
Leopold II
81%
With Clark, he explored the
Louisiana Purchase
Meriwether
Lewis
77%
First to fly solo and non-stop
from New York to Paris
Charles
Lindbergh
74%
British officer who helped
Arabs revolt in WWI
T. E. Lawrence
73%
Mark David Chapman's victimJohn Lennon
68%
Presumably, Stanley found himDavid Livingstone
65%
Spartan leader at ThermopylaeLeonidas
61%
Australian actor who won an
Oscar after his death
Heath Ledger
60%
Founder of DaoismLaozi
56%
Piano virtuoso who composed
"Hungarian Rhapsody"
Franz Liszt
51%
Scarred Austrian F1 driverNiki Lauda
39%
World’s first computer programmerAda Lovelace
25%
Swedish children's books who
wrote "Pippi Longstocking"
Astrid Lindgren
25%
Former slave who brought
Haiti to independence
Toussaint
Louverture
22%
First person to see
single-celled organisms
Antonie van
Leeuwenhoek
18%

Score Distribution

Percentile by Number Answered

Percent of People with Each Score

Your Score History

You have not taken this quiz